Statistiques concernant Les 10 joueurs avec le meilleur ratio de buts par match en sélection.

Cliquez ici pour prendre le quiz!

Statistiques générales

  • Ce quiz a été pris 163 fois
  • Le résultat moyen est 8 sur 10

Statistiques - réponses

RatioJoueursSélection% Correct
0.62Cristiano RonaldoPortugal
98%
0.91Erling HaalandNorvege
98%
0.59Lionel MessiArgentine
97%
0.67Harry KaneAngleterre
96%
0.68Romelu LukakuBelgique
95%
0.62NeymarBresil
94%
0.62Didier DrogbaCote d'ivoire
76%
0.60David VillaEspagne
66%
0.64Aleksandar MitrovicSerbie
49%
0.62Dimitar BerbatovBulgarie
29%

Distribution des résultats

Percentile par nombre de réponses

% des personnes avec chaque résultat

Votre développement - résultats

Vous n’avez pas pris ce quiz